Landkreise in Niedersachsen - Sudden Death - Statistiken

Allgemein
  • Dieses Quiz wurde 155 mal gespielt
  • Das Durchschnittsergebnis liegt bei 7 aus 15
Answers on the Grid
Answers color-coded by a green-red scale on the quiz's grid according to % correct below.
Nordfriesland
Nienburg/Weser
Bremen
Stade
Aurich
Dinklage
Uelzen
Varel
Ammerland
Hildesheim
Hameln-Pyrmont
Wolfenbüttel
Celle
Meppen-Papenburg
Geestland
Höxter
Vechta
Seesen
Osterholz
Oldenburg
Winsen
Rotenburg an der Fulda
Nordhorn
Harburg
Harz
Region Hannover
Leinekreis
Melle
Northeim
Coesfeld
 
Antwortstatistiken
Antwort % Korrekt
Oldenburg
62%
Celle
57%
Region Hannover
57%
Hildesheim
52%
Uelzen
52%
Nienburg/Weser
51%
Stade
50%
Hameln-Pyrmont
48%
Vechta
48%
Wolfenbüttel
47%
Aurich
45%
Northeim
43%
Osterholz
43%
Ammerland
42%
Harburg
38%
Keine übereinstimmenden Quizze gefunden
Verteilung der Resultate
Anzahl Personen mit jedem Resultat
Perzentil nach korrekt beantworteten Fragen
Ihre Resultats-Entwicklung
Sie haben dieses Quiz noch nicht gespielt